Cogito and the unconscious /
The Cartesian cogito - the principle articulated by Descartes that "I think, therefore I am"--Is often hailed as the precursor of modern science. At the same time, the cogito's agent, the ego, is sometimes feared as the agency of manipulative domination responsible for all present woe...
Saved in:
| Other Authors: | |
|---|---|
| Format: | Book |
| Language: | English |
| Published: |
Durham, NC :
Duke University Press,
1998.
|
| Series: | SIC (Durham, N.C.) ;
2. |
| Subjects: | |
| Tags: |
Add Tag
No Tags, Be the first to tag this record!
|
| LEADER | 02504nam a22003858a 4500 | ||
|---|---|---|---|
| 001 | 007784689-3 | ||
| 005 | 20160409182754.0 | ||
| 008 | 970922s1998 ncu b 001 0 eng | ||
| 010 | |a 97035189 | ||
| 020 | |a 0822320835 (hardcover : alk. paper) | ||
| 020 | |a 0822320975 (pbk. : alk. paper) | ||
| 035 | 0 | |a ocm37742233 | |
| 040 | |a DLC |c DLC | ||
| 050 | 0 | 0 | |a BF175.4.P45 |b C64 1998 |
| 060 | 0 | 0 | |a 1999 A-058 |
| 060 | 1 | 0 | |a BF 175.4.P45 |b C676 1998 |
| 082 | 0 | 0 | |a 150.19/5 |2 21 |
| 245 | 0 | 0 | |a Cogito and the unconscious / |c edited by Slavoj Žižek. |
| 260 | |a Durham, NC : |b Duke University Press, |c 1998. | ||
| 300 | |a 279 p. : |b ill. ; |c 25 cm. | ||
| 490 | 1 | |a SIC ; |v 2 | |
| 504 | |a Includes bibliographical references and index. | ||
| 505 | 0 | |a Cogito as the subject of the unconscious / Mladen Dolar -- The subject of the law / Alenka Zupančič -- Four discourses, four subjects / Slavoj Žižek -- The case of Polyphemus, or, a monster and its mother / Alain Grosrichard -- Malebranche's occasionalism, or, philosophy in the garden of Eden / Miran Božovič -- The silence of the feminine jouissance / Renata Salecl -- A sovereign's anatomy : the antique in Bataille's modernity and its impact on his political thought / Marc de Kessel -- Negation and its reliabilities : an empty subject for ideology? / Robert Pfaller -- The Cartesian subject versus the Cartesian theater / Slavoj Žižek. | |
| 520 | |a The Cartesian cogito - the principle articulated by Descartes that "I think, therefore I am"--Is often hailed as the precursor of modern science. At the same time, the cogito's agent, the ego, is sometimes feared as the agency of manipulative domination responsible for all present woes, from patriarchal oppression to ecological catastrophes. Cogito and the Unconscious explores the vicissitudes of the cogito and shows that psychoanalyses can render visible a constitutive madness within modern philosophy, the point at which "I think, therefore I am" becomes obsessional neurosis characterized by "If I stop thinking, I will cease to exist." | ||
| 600 | 1 | 2 | |a Lacan, Jacques. |
| 600 | 1 | 0 | |a Lacan, Jacques, |d 1901-1981. |
| 650 | 0 | |a Psychoanalysis and philosophy. | |
| 650 | 1 | 2 | |a Philosophy. |
| 650 | 1 | 2 | |a Psychoanalysis. |
| 600 | 1 | 2 | |a Lacan, Jacques, |d 1901-1981. |
| 700 | 1 | |a Žižek, Slavoj. | |
| 776 | 0 | 8 | |i Online version: |t Cogito and the unconscious. |d Durham, NC : Duke University Press, ©1998 |w (OCoLC)624531548 |
| 830 | 0 | |a SIC (Durham, N.C.) ; |v 2. | |
| 988 | |a 20020608 | ||
| 906 | |0 DLC | ||


